000 00863nam a2200289 i 4500
003 DO-SdBNP
005 20241014135459.0
006 a||||gr|||| 00| 0
007 ta
008 241014e1997 dr ||||| |||| 00| 0 spa d
020 _a9768156597
040 _aDO-SdBNP
_bspa
_cBNPHU
_erda
082 4 _bG216d
_222
100 1 _aOrnes Vda. Perello, Amanda,
_957821
_d1987 - 1981
_eautora
245 1 0 _aDesvivencias /
_cMélida Garcia
264 1 _aSanto Domingo :
_bBúho,
_c1997
300 _a61 páginas ;
_c23 cm.
336 _2rdacontent
_atexto
_btxt
337 _2rdamedia
_asin mediación
_bn
338 _2rdacarrier
_avolumen
_bnc
500 _aLibro con dos titulos : el innombrale / Mélida García
590 _aInventariado 2024 / DG
650 4 _aCocina dominicana
_9192
650 0 _aComidas y banquetes
_918978
910 _aDG
942 _2ddc
_cLBS1
999 _c57845
_d57845